| 000 | 00422nam a22001697a 4500 | ||
|---|---|---|---|
| 005 | 20180813151153.0 | ||
| 008 | 160617b xxu||||| |||| 00| 0 eng d | ||
| 020 | _a981-243-159-6 | ||
| 041 | _aeng | ||
| 082 |
_b8050 _a658.406 |
||
| 100 |
_aCarnall, Colin _94791 |
||
| 245 | _aTHE CHANGE MANAGEMENT TOOLKIT | ||
| 260 |
_bThomson Learning _c2003 _aAustralia |
||
| 300 | _a117p, | ||
| 650 |
_aManagement _9241 |
||
| 942 | _cBK | ||
| 999 |
_c3019 _d3018 |
||